|
|
|
|
| LEADER |
00999nab#a2200361#ar4500 |
| 001 |
000098549 |
| 003 |
SVKKK |
| 005 |
20091119111205.0 |
| 008 |
080509c2008 xo |||||||||||||||b|slo |
| FMT |
|
|
|
| 015 |
|
|
|a SNBRB2009/11
|
| 038 |
|
|
|a SVKKK
|
| 040 |
|
|
|a SVKKK
|b slo
|e AACR2
|
| 041 |
0 |
|
|a slo
|b eng
|
| 044 |
|
|
|a xo
|c SK
|
| 080 |
|
|
|a 563.1
|2 1997
|
| 080 |
|
|
|a 551.782.1(234.372.3)
|2 1997
|
| 100 |
1 |
|
|a Zlinská, Adriena
|4 aut
|
| 245 |
1 |
0 |
|a Revízia zbudského súvrstvia a nové výsledky z pohľadu štúdia foraminiferových asociácií
|c Adriena Zlinská
|
| 300 |
|
|
|b Obr., tab.
|
| 504 |
|
|
|a Bibliogr. odkazy
|
| 546 |
|
|
|a Res. angl.
|
| 650 |
0 |
4 |
|a foraminifery
|x miocén
|z Východoslovenská panva (Slovensko)
|
| 651 |
|
4 |
|a zbudské súvrstvie (Slovensko)
|x foraminifery
|
| 773 |
0 |
|
|t Geologické práce. Správy
|x 0433-4795
|g Č. 115 (2008), s. 47-57
|
| 958 |
|
|
|a NB
|
| 958 |
|
|
|a SK
|
| 974 |
|
|
|a Ni
|
| 992 |
|
|
|a RBX
|
| BAS |
|
|
|
| 852 |
|
|
|a SVKKK
|b BIB
|
| EXP |
|
|
|
| 998 |
|
|
|a GEO
|